000 00770nam a22002537a 4500
001 000285
003 DO-SdBNP
005 20231204122816.0
008 151118b1990 sp 00| 0 spa d
020 _a8497400798
040 _aBPMSU
_bspa
_cBPMSU
082 4 _a864.3
_bM39s 1989
_222
100 4 _4Mexía , Pedro,
_d1500-1550.
245 _6Silva de varia lección /
_a1
_cPedro Mexía
260 _aMadrid :
_bEditorial Castalia
_c1990
300 _a2 v.
_b20 cm.
490 0 _aLetras hispánicas
_v264
590 _aInventariado, 2023/VM
650 4 _aLiteratura española
_vEnsayos, conferencias, etc
_ySiglo XVI.
650 4 _aEnsayos españoles
_ySiglo XVI.
700 1 _aCastro, Antonio
_eed.
910 _aVMateo V. Control de calidad. BPMSU
942 _2ddc
_cBK
999 _c8781
_d8781